000 00249nam a22001097a 4500
005 20230609145954.0
008 230609b |||||||| |||| 00| 0 eng d
022 _a9770972510005
245 _aAPPLIED FINANCE
260 _bIUP PUBLICATION
942 _cJRL
999 _c8322
_d8320